The essence of multivariate thinking : basic themes and methods
Αποθηκεύτηκε σε:
| Κύριος συγγραφέας: | |
|---|---|
| Μορφή: | Βιβλίο |
| Γλώσσα: | English |
| Δημοσίευση: |
Mahwah, N.J. :
Lawrence Erlbaum Associates,
2005
|
| Σειρά: | Multivariate applications book series
|
| Θέματα: | |
| Ετικέτες: |
Προσθήκη ετικέτας
Δεν υπάρχουν, Καταχωρήστε ετικέτα πρώτοι!
|
MARC
| LEADER | 00000nam a2200000 i 4500 | ||
|---|---|---|---|
| 001 | 1/95214 | ||
| 008 | 081010s2005 eng d | ||
| 020 | |a 0-8058-3730-2 (pbk.) | ||
| 035 | |l 10100784 | ||
| 040 | |a GR-MY-UA |b gre |e aacr | ||
| 041 | 0 | |a eng | |
| 082 | 0 | |a 519.535 |2 (22) | |
| 100 | 1 | |a Harlow, Lisa Lavoie, |d 1951-, Lisa Lavoie |d 1951- | |
| 245 | 1 | 4 | |a The essence of multivariate thinking : |b basic themes and methods / |c Lisa L. Harlow |
| 260 | |a Mahwah, N.J. : |b Lawrence Erlbaum Associates, |c 2005 | ||
| 300 | |a xxiv, 240 σ.; |c 23 εκ.+ |e 1 cdrom | ||
| 490 | 1 | |a Multivariate applications series | |
| 504 | |a Περιλαμβάνει βιβλιογραφίες και ευρετήριο | ||
| 650 | 0 | 0 | |a Multivariate analysis. |
| 650 | 0 | 0 | |a Psychology |x Mathematical models. |
| 830 | 0 | |a Multivariate applications book series | |
| 852 | |a INST |b RHODES |e 20081010 |h 519.535 HAR |p 005400030871 |q 005400030871 |t BK |y 0 | ||
| 852 | |a INST |b RHODES |e 20081010 |h 519.535 HAR |p 005400030870 |q 005400030870 |t BK |y 0 | ||
| 901 | |a BIBL4-2008-3 | ||
| 909 | |a Ρ |b 153885 | ||
| 922 | |a 4ΕΛΗ |b 200809 |c ΕΠΕΑΕΚ2/ΤΕΠΑΕΣ |d ΜΙΧΑΛΟΠΟΥΛΟΣ | ||
| 970 | |a ΚΟΖΑ |b ΜΑΡΙΑ |z 2008/10/10 | ||